Statistics for NBA All-Stars By Letter - W

Click here to take the quiz!

General Stats

  • This quiz has been taken 65 times
  • The average score is 21 of 32

Answer Stats

Players Selections Last Teams % Correct
Dwyane Wade122019Heat
98%
David West22009Hornets
96%
Russell Westbrook92020Thunder-Rockets
96%
Jerry West141974Lakers
96%
John Wall52018Wizards
94%
Ben Wallace32006Pistons
92%
Gerald Wallace12010Bobcats
92%
Rasheed Wallace42008Trail Blazers-Pistons
92%
Mo Williams12009Cavaliers
88%
Jayson Williams11998Nets
88%
Gus Williams21983SuperSonics
88%
Deron Williams32012Nets-Jazz
88%
Buck Williams31986Nets
88%
Kemba Walker42020Hornets-Celtics
86%
Jimmy Walker21972Pistons
86%
Antoine Walker32003Celtics
86%
Chet Walker7197476ers-Bulls
86%
Lenny Wilkens91973Hawks-SuperSonics-Cavaliers
80%
Dominique Wilkins91994Hawks
80%
James Worthy71992Lakers
78%
Bill Walton21978Trail Blazers
65%
Chris Webber52003Bullets-Kings
59%
Jo Jo White71977Celtics
49%
Jamaal Wilkes31983Warriors-Lakers
31%
Kermit Washington11980Trail Blazers
31%
Kevin Willis11992Hawks
29%
Paul Westphal51981Suns-SuperSonics
18%
Sidney Wicks41975Trail Blazers
8%
Brian Winters21978Bucks
8%
Bobby Wanzer51956Royals
6%
Scott Wedman21980Kings
4%
Paul Walther11952Olympians
4%

Score Distribution

Percentile by Number Answered

Percent of People with Each Score

Your Score History

You have not taken this quiz